000 00614cam a22002291 4500
001 sa 65010167
003 DLC
005 20260227112206.0
008 890403s1965 xx 000 0 tamo
010 _asa 65010167
035 _a(OCoLC)23560634
040 _aDLC
_cMiU
_dDLC
042 _apremarc
050 0 0 _aDS470.V5
_bR3
100 0 _aTamil̲vāṇan̲,
_d1926-1977
245 1 0 _aKaṭṭapomman koḷḷaikkāraṇ.
260 _c[1965]
300 _a364 p.
_c18 cm.
500 _aRomanized.
600 0 0 _aVīrapāṇḍya Kaṭṭabommana,
_dactive 18th century.
651 0 _aIndia, South
_xHistory.
999 _c66595
_d66595